MARC

LEADER 00000nam0a2200000 4500
001 257415
005 20231101233212.0
035 |a (RuTPU)RU\TPU\book\280212 
090 |a 257415 
100 |a 20140416d1987 k y0rusy50 ca 
101 0 |a rus 
102 |a UA 
105 |a y z 001zy 
200 1 |a Операторы в функциональных пространствах  |e сборник научных трудов  |f Академия наук Украинской ССР (АН УССР), Физико-технический институт низких температур им. Б. И. Веркина (ФТИНТ) ; под ред. В. А. Марченко 
210 |a Киев  |c Наукова думка  |d 1987 
215 |a 148 с.  |c ил. 
320 |a Библиогр. в конце ст. 
606 1 |a Операторы, теория  |x (математика)  |2 stltpush  |3 (RuTPU)RU\TPU\subj\47033  |9 66101 
610 1 |a теория функций 
610 1 |a математическая физика 
610 1 |a конечно-разностные уравнения 
675 |a 517.98  |v 3 
702 1 |a Марченко  |b В. А.  |4 340 
712 0 2 |a Академия наук Украинской ССР (АН УССР)  |b Физико-технический институт низких температур им. Б. И. Веркина (ФТИНТ)  |c (Харьков)  |2 stltpush  |3 (RuTPU)RU\TPU\col\1121 
801 1 |a RU  |b 63413507  |c 20140416 
801 2 |a RU  |b 63413507  |c 20141220  |g RCR 
942 |c BK